Statistics for guess the aircraft by the cockpit

Click here to take the quiz!

General Stats

  • This quiz has been taken 84 times
  • The average score is 6 of 16

Answer Stats

Answer% Correct
A380
79%
A340
75%
A350
72%
A220
64%
A320
51%
concorde
43%
787
40%
737
38%
747
36%
A330
36%
777
34%
ATR 72
21%
embraer 190
17%
Antonov 225
13%
embraer 170
13%
fokker 50
8%

Score Distribution

Percentile by Number Answered

Percent of People with Each Score

Your Score History

You have not taken this quiz